[Event "Mecklenburg VP LL2 Ost 0910"]
[Site "Mecklenburg VP"]
[Date "2010.01.24"]
[Round "5.8"]
[White "Celmer, Ole"]
[Black "Dettmann, Uwe"]
[Result "0-1"]
[WhiteElo "1543"]
[BlackElo "1790"]
[PlyCount "76"]
[EventDate "2009.10.18"]
[EventType "team-tourn"]
[EventRounds "9"]
[EventCountry "GER"]
[SourceTitle "EXT 2016"]
[Source "ChessBase"]
[SourceDate "2015.10.08"]
[SourceVersion "1"]
[SourceVersionDate "2015.10.08"]
[SourceQuality "1"]
[WhiteTeam "Rostock SSC 07 III"]
[BlackTeam "Guestrow/Teterow"]
[WhiteTeamCountry "GER"]
[BlackTeamCountry "GER"]

1. e4 e5 2. Nf3 Nc6 3. Bc4 Be7 4. 0-0 Nf6 5. d3 0-0 6. Nc3 d6 7. h3 a6 8. Be3 Na5 9. Bb3 Nxb3 10. axb3 h6 11. Qd2 Nh7 12. Nd5 Be6 13. Nxe7+ Qxe7 14. Nh2 f5 15. f4 exf4 16. Bxf4 fxe4 17. dxe4 Rf7 18. Rf3 Raf8 19. Raf1 Bd7 20. Rg3 Qh4 21. Ng4 Rxf4 22. Rxf4 Qxg3 23. Qd5+ Kh8 24. Rxf8+ Nxf8 25. Qf7 Bxg4 26. Qxf8+ Kh7 27. hxg4 Qe1+ 28. Kh2 Qxe4 29. Qc8 Qxc2 30. Qxb7 a5 31. Qb5 Qc5 32. Qxc5 dxc5 33. Kg3 Kg6 34. Kf4 Kf6 35. g3 Kg6 36. g5 h5 37. g4 h4 38. Ke4 Kxg5 0-1

[Event "Mecklenburg VP LL2 Ost 0708"]
[Site "Mecklenburg VP"]
[Date "2008.04.06"]
[Round "8.5"]
[White "Matzek, Franz David"]
[Black "Dettmann, Uwe"]
[Result "1/2-1/2"]
[WhiteElo "1631"]
[BlackElo "1855"]
[PlyCount "56"]
[EventDate "2007.10.21"]
[EventType "team-tourn"]
[EventRounds "9"]
[EventCountry "GER"]
[SourceTitle "EXT 2016"]
[Source "ChessBase"]
[SourceDate "2015.10.08"]
[SourceVersion "1"]
[SourceVersionDate "2015.10.08"]
[SourceQuality "1"]
[WhiteTeam "Gryps SV"]
[BlackTeam "Guestrow/Teterow"]
[WhiteTeamCountry "GER"]
[BlackTeamCountry "GER"]

1. e4 e5 2. f4 Nc6 3. Nf3 d6 4. Bc4 Be7 5. 0-0 Nf6 6. d3 0-0 7. a3 exf4 8. Bxf4 Ne5 9. Bxe5 dxe5 10. Nc3 c6 11. Kh1 Qc7 12. Qe1 Nh5 13. Ne2 g6 14. Ng3 Ng7 15. Qd2 Be6 16. Qc3 Bd6 17. Rf2 Rae8 18. Raf1 Bxc4 19. Qxc4 Qe7 20. h3 Qe6 21. Qc3 Bc7 22. Ng5 Qe7 23. Nxf7 Qh4 24. Qb3 Ne6 25. Nh6+ Kg7 26. Nhf5+ gxf5 27. Nxf5+ Rxf5 28. Rxf5 Re7 1/2-1/2

[Event "Mecklenburg VP LL2 Ost 0708"]
[Site "Mecklenburg VP"]
[Date "2008.03.09"]
[Round "7.5"]
[White "Dettmann, Uwe"]
[Black "Nickel, Reimo"]
[Result "1/2-1/2"]
[WhiteElo "1855"]
[BlackElo "1796"]
[PlyCount "43"]
[EventDate "2007.10.21"]
[EventType "team-tourn"]
[EventRounds "9"]
[EventCountry "GER"]
[SourceTitle "EXT 2016"]
[Source "ChessBase"]
[SourceDate "2015.10.08"]
[SourceVersion "1"]
[SourceVersionDate "2015.10.08"]
[SourceQuality "1"]
[WhiteTeam "Guestrow/Teterow"]
[BlackTeam "Saal Waterkant"]
[WhiteTeamCountry "GER"]
[BlackTeamCountry "GER"]

1. d4 d5 2. Nf3 Nf6 3. e3 Bg4 4. Be2 e6 5. 0-0 Bb4 6. Nbd2 0-0 7. Ne5 Bxe2 8. Qxe2 a6 9. c4 Nbd7 10. Ndf3 Bd6 11. Nxd7 Nxd7 12. e4 dxc4 13. Qxc4 c6 14. Be3 h6 15. Rfd1 Be7 16. Rac1 Nf6 17. Qc2 Qa5 18. a3 Rfd8 19. Ne5 Qc7 20. h3 Bd6 21. Nf3 Bf4 22. Qd2 1/2-1/2

[Event "Mecklenburg VP LL2 Ost 0708"]
[Site "Mecklenburg VP"]
[Date "2007.12.09"]
[Round "4.5"]
[White "Schellner, Ulf"]
[Black "Dettmann, Uwe"]
[Result "1/2-1/2"]
[WhiteElo "1514"]
[BlackElo "1855"]
[PlyCount "59"]
[EventDate "2007.10.21"]
[EventType "team-tourn"]
[EventRounds "9"]
[EventCountry "GER"]
[SourceTitle "EXT 2016"]
[Source "ChessBase"]
[SourceDate "2015.10.08"]
[SourceVersion "1"]
[SourceVersionDate "2015.10.08"]
[SourceQuality "1"]
[WhiteTeam "Wolgast Motor"]
[BlackTeam "Guestrow/Teterow"]
[WhiteTeamCountry "GER"]
[BlackTeamCountry "GER"]

1. d4 d5 2. c4 e6 3. Nc3 Nf6 4. Bg5 Be7 5. e3 0-0 6. Qc2 Nbd7 7. Nf3 b6 8. cxd5 exd5 9. Bd3 c5 10. 0-0 h6 11. Bh4 Bb7 12. b3 Rc8 13. Rfc1 cxd4 14. Nxd4 Ba3 15. Rd1 Bb4 16. Nde2 Qc7 17. Rac1 a6 18. Qb2 Qd6 19. Nb1 b5 20. Nd4 Rxc1 21. Rxc1 Rc8 22. a3 Ba5 23. Rxc8+ Bxc8 24. b4 Bb6 25. Qc3 Qc7 26. Bg3 Qxc3 27. Nxc3 Bb7 28. Kf1 Ne4 29. Bxe4 dxe4 30. Nf5 1/2-1/2

[Event "Mecklenburg VP LL2 Ost 0708"]
[Site "Mecklenburg VP"]
[Date "2007.11.04"]
[Round "2.5"]
[White "Loesche, Richard"]
[Black "Dettmann, Uwe"]
[Result "1/2-1/2"]
[WhiteElo "1605"]
[BlackElo "1855"]
[PlyCount "28"]
[EventDate "2007.10.21"]
[EventType "team-tourn"]
[EventRounds "9"]
[EventCountry "GER"]
[SourceTitle "EXT 2016"]
[Source "ChessBase"]
[SourceDate "2015.10.08"]
[SourceVersion "1"]
[SourceVersionDate "2015.10.08"]
[SourceQuality "1"]
[WhiteTeam "Stralsund FHSG II"]
[BlackTeam "Guestrow/Teterow"]
[WhiteTeamCountry "GER"]
[BlackTeamCountry "GER"]

1. e4 e5 2. Nf3 Nc6 3. Bc4 Be7 4. 0-0 Nf6 5. Re1 0-0 6. Nc3 d6 7. h3 Na5 8. Bb3 Nxb3 9. axb3 Ne8 10. d4 f6 11. Be3 c6 12. Qe2 a6 13. Rad1 Qc7 14. Nh2 Be6 1/2-1/2

[Event "Mecklenburg VP LL2 Ost 0708"]
[Site "Mecklenburg VP"]
[Date "2007.10.21"]
[Round "1.5"]
[White "Pelnar, Helmut"]
[Black "Dettmann, Uwe"]
[Result "1/2-1/2"]
[WhiteElo "1848"]
[BlackElo "1855"]
[PlyCount "56"]
[EventDate "2007.10.21"]
[EventType "team-tourn"]
[EventRounds "9"]
[EventCountry "GER"]
[SourceTitle "EXT 2016"]
[Source "ChessBase"]
[SourceDate "2015.10.08"]
[SourceVersion "1"]
[SourceVersionDate "2015.10.08"]
[SourceQuality "1"]
[WhiteTeam "Waren"]
[BlackTeam "Guestrow/Teterow"]
[WhiteTeamCountry "GER"]
[BlackTeamCountry "GER"]

1. e4 e5 2. Nf3 Nc6 3. Bc4 d6 4. d3 Be7 5. Be3 Nf6 6. h3 0-0 7. 0-0 Na5 8. Nbd2 Nxc4 9. Nxc4 Nd7 10. Bd2 Nc5 11. b4 Ne6 12. c3 f5 13. exf5 Rxf5 14. Ne3 Rf7 15. Nd5 c6 16. Nxe7+ Qxe7 17. Be3 Bd7 18. a4 Raf8 19. Nh2 Nf4 20. Bxf4 Rxf4 21. Qe2 Qg5 22. Kh1 R8f6 23. Qe3 Rg6 24. Rg1 Qf6 25. Ra2 h5 26. Qxa7 Be6 27. Rb2 Kh7 28. Qe3 d5 1/2-1/2

[Event "Mecklenburg VP LL1 0607"]
[Site "Mecklenburg VP"]
[Date "2006.11.19"]
[Round "3.5"]
[White "Dettmann, Uwe"]
[Black "Nickel, Udo"]
[Result "1/2-1/2"]
[WhiteElo "1869"]
[BlackElo "1685"]
[PlyCount "58"]
[EventDate "2006.10.15"]
[EventType "team"]
[EventRounds "9"]
[EventCountry "GER"]
[SourceTitle "EXT 2008"]
[Source "ChessBase"]
[SourceDate "2007.11.25"]
[SourceVersion "1"]
[SourceVersionDate "2007.11.25"]
[SourceQuality "1"]
[WhiteTeam "Saal Waterkant"]
[BlackTeam "Guestrow/Teterow"]
[WhiteTeamCountry "GER"]
[BlackTeamCountry "GER"]

1. d4 Nf6 2. Nf3 d5 3. e3 Bf5 4. c4 e6 5. Nc3 c6 6. Be2 h6 7. 0-0 Bd6 8. Re1 Nbd7 9. h3 0-0 10. Bd3 Bxd3 11. Qxd3 Bb4 12. Bd2 c5 13. Rac1 Nb6 14. cxd5 cxd4 15. Qxd4 Bxc3 16. Bxc3 Nbxd5 17. Red1 b6 18. Qh4 Nd7 19. Qg3 Nxc3 20. Rxc3 Qe8 21. Rdc1 Nc5 22. Qg4 Qc6 23. b3 Rad8 24. Nd4 Qd7 25. Qf3 Rc8 26. Qe2 Ne4 27. Rc4 Nd6 28. R4c2 Rxc2 29. Rxc2 Rc8 1/2-1/2

[Event "Mecklenburg VP LL2 0506"]
[Site "Mecklenburg VP"]
[Date "2006.01.15"]
[Round "5.7"]
[White "Dettmann, Uwe"]
[Black "Ehlers, Michael2222"]
[Result "1/2-1/2"]
[WhiteElo "1887"]
[BlackElo "1639"]
[PlyCount "27"]
[EventDate "2005.10.23"]
[EventType "team"]
[EventRounds "9"]
[EventCountry "GER"]
[SourceTitle "EXT 2009"]
[Source "ChessBase"]
[SourceDate "2008.11.26"]
[SourceVersion "1"]
[SourceVersionDate "2008.11.26"]
[SourceQuality "1"]
[WhiteTeam "Guestrow/Teterow"]
[BlackTeam "Rostock PSV III"]
[WhiteTeamCountry "GER"]
[BlackTeamCountry "GER"]

1. d4 Nf6 2. Nf3 d5 3. g3 Bf5 4. Bg2 e6 5. 0-0 Bd6 6. Nbd2 h6 7. c4 c6 8. b3 Nbd7 9. Bb2 0-0 10. Re1 Re8 11. Nh4 Bh7 12. Rc1 Qe7 13. c5 Bc7 14. a3 1/2-1/2

[Event "Mecklenburg VP LL2 West 0304"]
[Site "Mecklenburg VP"]
[Date "2004.03.28"]
[Round "8.3"]
[White "Dettmann, Uwe"]
[Black "Rudzinski, Nicole"]
[Result "1/2-1/2"]
[WhiteElo "1914"]
[BlackElo "1827"]
[PlyCount "116"]
[EventDate "2003.09.28"]
[EventType "team-tourn"]
[EventRounds "9"]
[EventCountry "GER"]
[SourceTitle "EXT 2022"]
[Source "ChessBase"]
[SourceDate "2021.10.06"]
[SourceVersion "1"]
[SourceVersionDate "2021.10.06"]
[SourceQuality "1"]
[WhiteTeam "Guestrow/Teterow"]
[BlackTeam "Putlitz"]
[WhiteTeamCountry "GER"]
[BlackTeamCountry "GER"]

1. d4 d5 2. Nf3 Nf6 3. e3 g6 4. c4 Bg7 5. Nc3 0-0 6. Be2 a6 7. 0-0 dxc4 8. Bxc4 b5 9. Be2 Bb7 10. Qc2 Nbd7 11. Rd1 Qb8 12. b4 Re8 13. Bb2 e5 14. Rac1 exd4 15. Nxd4 c6 16. Bf3 Ne5 17. Nce2 Nxf3+ 18. Nxf3 Qc7 19. Nf4 Rac8 20. Nd3 a5 21. a3 a4 22. Nc5 Ba8 23. Rd2 Rcd8 24. Rcd1 Rxd2 25. Rxd2 Ne4 26. Nxe4 Bxb2 27. Qxb2 Rxe4 28. Qf6 Re8 29. Qd4 Rc8 30. Qc5 Rd8 31. Rd4 Re8 32. Rd6 Qe7 33. Qd4 Rc8 34. Rd7 c5 35. Rxe7 cxd4 36. exd4 Bxf3 37. gxf3 Rd8 38. Rb7 Rxd4 39. Rxb5 Rd3 40. Ra5 Rxa3 41. b5 Rb3 42. Kf1 a3 43. Ke2 Kf8 44. b6 Rxb6 45. Rxa3 Rb4 46. Kf1 h5 47. Kg2 Ke7 48. Ra6 Rd4 49. Kg3 h4+ 50. Kg2 f6 51. Rb6 g5 52. Kh3 Kf7 53. Ra6 Kg6 54. Ra8 Kf5 55. Ra6 Ke5 56. Ra3 Kf4 57. Kg2 f5 58. h3 Rc4 1/2-1/2

[Event "Mecklenburg VP LL2 West 0304"]
[Site "Mecklenburg VP"]
[Date "2004.03.07"]
[Round "7.4"]
[White "Ernst, Mathias"]
[Black "Dettmann, Uwe"]
[Result "1/2-1/2"]
[WhiteElo "1612"]
[BlackElo "1914"]
[PlyCount "78"]
[EventDate "2003.09.28"]
[EventType "team-tourn"]
[EventRounds "9"]
[EventCountry "GER"]
[SourceTitle "EXT 2022"]
[Source "ChessBase"]
[SourceDate "2021.10.06"]
[SourceVersion "1"]
[SourceVersionDate "2021.10.06"]
[SourceQuality "1"]
[WhiteTeam "Rostock HSG Uni II"]
[BlackTeam "Guestrow/Teterow"]
[WhiteTeamCountry "GER"]
[BlackTeamCountry "GER"]

1. e4 e5 2. Nf3 Nc6 3. d4 exd4 4. c3 d6 5. Bc4 Be7 6. 0-0 Nf6 7. Re1 0-0 8. Nxd4 Ne5 9. Bb3 c6 10. Bf4 Re8 11. Nd2 Nd3 12. Qf3 Nxe1 13. Rxe1 c5 14. Nf5 Bxf5 15. exf5 Qd7 16. g4 Qc6 17. g5 Qxf3 18. Nxf3 Nh5 19. Bd2 Kf8 20. Ba4 Red8 21. Nh4 g6 22. f6 Nxf6 23. gxf6 Bxf6 24. Bh6+ Kg8 25. Ng2 a6 26. Ne3 d5 27. Ng4 Bh4 28. Bb3 c4 29. Bc2 Re8 30. Ne5 Re6 31. Nf3 Bf6 32. Rxe6 fxe6 33. Bf4 Re8 34. Ne5 Kg7 35. Kg2 h5 36. h3 g5 37. Bg3 Kh6 38. Nf7+ Kg7 39. Ne5 Kh6 1/2-1/2

[Event "Mecklenburg VP LL2 West 0304"]
[Site "Mecklenburg VP"]
[Date "2003.11.23"]
[Round "3.5"]
[White "Dettmann, Uwe"]
[Black "Reeps, Rickert"]
[Result "1/2-1/2"]
[WhiteElo "1914"]
[BlackElo "1604"]
[PlyCount "32"]
[EventDate "2003.09.28"]
[EventType "team-tourn"]
[EventRounds "9"]
[EventCountry "GER"]
[SourceTitle "EXT 2022"]
[Source "ChessBase"]
[SourceDate "2021.10.06"]
[SourceVersion "1"]
[SourceVersionDate "2021.10.06"]
[SourceQuality "1"]
[WhiteTeam "Guestrow/Teterow"]
[BlackTeam "Malchow Schachinsel"]
[WhiteTeamCountry "GER"]
[BlackTeamCountry "GER"]

1. d4 d5 2. c4 c6 3. Nc3 Nf6 4. e3 e6 5. Nf3 Nbd7 6. Be2 dxc4 7. Bxc4 b5 8. Bd3 Bb7 9. 0-0 a6 10. b3 Be7 11. Bb2 c5 12. Qe2 Qb6 13. Rac1 0-0 14. Rfd1 Rfd8 15. Bb1 Rac8 16. h3 h6 1/2-1/2

[Event "Mecklenburg VP LL 0102"]
[Site "Mecklenburg VP"]
[Date "2002.??.??"]
[Round "8.6"]
[White "Dettmann, Uwe"]
[Black "Kupfernagel, Michael"]
[Result "1/2-1/2"]
[WhiteElo "1962"]
[BlackElo "1902"]
[PlyCount "35"]
[EventDate "2001.10.07"]
[EventType "team-tourn"]
[EventRounds "9"]
[EventCountry "GER"]
[SourceTitle "EXT 2022"]
[Source "ChessBase"]
[SourceDate "2021.10.06"]
[SourceVersion "1"]
[SourceVersionDate "2021.10.06"]
[SourceQuality "1"]
[WhiteTeam "Guestrow Post"]
[BlackTeam "Schwerin Schachfreunde II"]
[WhiteTeamCountry "GER"]
[BlackTeamCountry "GER"]

1. d4 Nf6 2. Nf3 d6 3. b3 g6 4. Bb2 Bg7 5. Nbd2 0-0 6. e4 c6 7. Bd3 Qc7 8. 0-0 Nbd7 9. Re1 e5 10. dxe5 dxe5 11. Nc4 Re8 12. c3 b6 13. Qc2 Bb7 14. Rad1 Rad8 15. b4 h6 16. Bf1 Bf8 17. Bc1 Kh7 18. a3 1/2-1/2

[Event "Mecklenburg VP LL 0102"]
[Site "Mecklenburg VP"]
[Date "2002.??.??"]
[Round "7.6"]
[White "Menzel, Michael"]
[Black "Dettmann, Uwe"]
[Result "1/2-1/2"]
[WhiteElo "1789"]
[BlackElo "1962"]
[PlyCount "56"]
[EventDate "2001.10.07"]
[EventType "team-tourn"]
[EventRounds "9"]
[EventCountry "GER"]
[SourceTitle "EXT 2022"]
[Source "ChessBase"]
[SourceDate "2021.10.06"]
[SourceVersion "1"]
[SourceVersionDate "2021.10.06"]
[SourceQuality "1"]
[WhiteTeam "Wismar TSG"]
[BlackTeam "Guestrow Post"]
[WhiteTeamCountry "GER"]
[BlackTeamCountry "GER"]

1. e4 e5 2. Nf3 Nc6 3. Bc4 Be7 4. d4 d6 5. dxe5 dxe5 6. 0-0 Bg4 7. Be2 Nf6 8. Nc3 0-0 9. h3 Bh5 10. Be3 a6 11. a3 Re8 12. Nd2 Bg6 13. f3 Nd4 14. Bc4 c6 15. Nb3 b5 16. Be2 Nxe2+ 17. Qxe2 Qc7 18. Rad1 Rad8 19. Nc5 Qc8 20. Qf2 Rxd1 21. Rxd1 Rd8 22. Rxd8+ Bxd8 23. Qd2 Bc7 24. Kf2 Ne8 25. Na2 a5 26. Nc1 Nd6 27. b3 f6 28. N1d3 Bf7 1/2-1/2

[Event "Mecklenburg VP LL 0102"]
[Site "Mecklenburg VP"]
[Date "2001.10.??"]
[Round "3.6"]
[White "Witkowski, Rainer"]
[Black "Dettmann, Uwe"]
[Result "1/2-1/2"]
[WhiteElo "1956"]
[BlackElo "1962"]
[PlyCount "24"]
[EventDate "2001.10.07"]
[EventType "team-tourn"]
[EventRounds "9"]
[EventCountry "GER"]
[SourceTitle "EXT 2022"]
[Source "ChessBase"]
[SourceDate "2021.10.06"]
[SourceVersion "1"]
[SourceVersionDate "2021.10.06"]
[SourceQuality "1"]
[WhiteTeam "Neubrandenburg SG Eintracht"]
[BlackTeam "Guestrow Post"]
[WhiteTeamCountry "GER"]
[BlackTeamCountry "GER"]

1. e4 e5 2. Nf3 Nc6 3. Bc4 Be7 4. 0-0 Nf6 5. Nc3 0-0 6. a3 d6 7. h3 h6 8. d4 Nh7 9. Nd5 Nf6 10. Nc3 Nh7 11. Nd5 Nf6 12. Nc3 Nh7 1/2-1/2

[Event "Mecklenburg VP LL2 West 0001"]
[Site "Mecklenburg VP"]
[Date "2000.12.10"]
[Round "7"]
[White "Behnke, Thomas"]
[Black "Dettmann, Uwe"]
[Result "1/2-1/2"]
[WhiteElo "1711"]
[BlackElo "1992"]
[PlyCount "63"]
[EventDate "2000.10.15"]
[EventType "team-tourn"]
[EventRounds "9"]
[EventCountry "GER"]
[SourceTitle "EXT 2016"]
[Source "ChessBase"]
[SourceDate "2015.10.08"]
[SourceVersion "1"]
[SourceVersionDate "2015.10.08"]
[SourceQuality "1"]
[WhiteTeam "Kuehlungsborn SV Empor"]
[BlackTeam "Guestrow Post"]
[WhiteTeamCountry "GER"]
[BlackTeamCountry "GER"]

1. e4 e5 2. Nf3 Nc6 3. c3 Nf6 4. d4 exd4 5. e5 Nd5 6. cxd4 d6 7. Bb5 Bd7 8. 0-0 Be7 9. exd6 Bxd6 10. Re1+ Nce7 11. Nc3 Nxc3 12. Bxd7+ Qxd7 13. bxc3 0-0 14. Qb3 b6 15. Ba3 Ng6 16. Bxd6 Qxd6 17. Qc2 c5 18. Rac1 Rfd8 19. dxc5 Qxc5 20. Qa4 b5 21. Qb4 Rac8 22. a4 Qxb4 23. cxb4 Rxc1 24. Rxc1 bxa4 25. Ra1 Rd3 26. Ne1 Rd7 27. g3 Ne5 28. Rxa4 Kf8 29. Ra1 Ke7 30. Kf1 Rb7 31. Ke2 Nc6 32. Nc2 1/2-1/2

[Event "Mecklenburg VP LL2 West 0001"]
[Site "Mecklenburg VP"]
[Date "2000.10.15"]
[Round "3"]
[White "Schreiber, Thomas"]
[Black "Dettmann, Uwe"]
[Result "1/2-1/2"]
[WhiteElo "1708"]
[BlackElo "1992"]
[PlyCount "40"]
[EventDate "2000.10.15"]
[EventType "team-tourn"]
[EventRounds "9"]
[EventCountry "GER"]
[SourceTitle "EXT 2016"]
[Source "ChessBase"]
[SourceDate "2015.10.08"]
[SourceVersion "1"]
[SourceVersionDate "2015.10.08"]
[SourceQuality "1"]
[WhiteTeam "Wismar TSG II"]
[BlackTeam "Guestrow Post"]
[WhiteTeamCountry "GER"]
[BlackTeamCountry "GER"]

1. e4 e5 2. Nf3 Nc6 3. c3 Be7 4. d4 d6 5. Bb5 Bd7 6. 0-0 Bf6 7. Bxc6 Bxc6 8. Re1 Ne7 9. d5 Bd7 10. Be3 g6 11. Bh6 Ng8 12. Be3 Bg7 13. Qb3 b6 14. c4 Ne7 15. Nc3 0-0 16. Nd2 f5 17. f4 fxe4 18. fxe5 Bxe5 19. Ncxe4 Nf5 20. Bg5 Qc8 1/2-1/2